| 000 | 00815nam a22002057a 4500 | ||
|---|---|---|---|
| 999 |
_c13228 _d13228 |
||
| 003 | AR-CdUCM | ||
| 008 | 190411b ||||| |||| 00| 0 spa d | ||
| 040 |
_aMUNICIPALIDAD PROVINCIAL DEL CUSCO _cBIBLIOTECA MUNICIPAL DEL CUSCO |
||
| 082 |
_a331.88 / _bIR68 |
||
| 100 |
_aIrigoyen Alvizuri, Marina _931515 |
||
| 245 |
_aAte-Vitarte : industria y movimiento sindical, 1975-1984 : _bdocumento de trabajo / |
||
| 260 |
_aLima : _bIdeas, _c1985 |
||
| 300 |
_a70 páginas ; _bGráficos, ilustraciones, _c28 cm. |
||
| 505 | _aContenido: Crecimiento y desarrollo en Ate-Vitarte en el siglo XX -- El proceso de crecimiento de la industria -- La crisis y la industria ... | ||
| 650 |
_aSindicatos _92512 |
||
| 650 |
_aPerú - Lima _92158 |
||
| 650 |
_aAte-Vitarte _931516 |
||
| 942 |
_2ddc _cLIBROS |
||
| 945 |
_acmm _d2019-04-11 |
||